DÜNYANIN EN SÜPER MARKETİ DEDEMİN BAKKALI (Record no. 1038151)

MARC details
000 -LEADER
sabit uzunluktaki kontrol alanı 00268nam a2200097Ia 4500
001 - KONTROL NUMARASI
kontrol alanı 1038151
005 - EN SON İŞLEMİN TARİH VE ZAMANI
kontrol alanı 20250826231838.0
008 - SABİT-UZUNLUKTA VERİ ÖĞELERİ--GENEL BİLGİ
sabit uzunluktaki kontrol alanı 250824s9999 xx 000 0 und d
245 #0 - ESER / YAZAR
ESER ADI DÜNYANIN EN SÜPER MARKETİ DEDEMİN BAKKALI
Yazar Adı ŞERMİN YAŞAR
260 ## - YAYIN, DAĞITIM, VB.
YAYIN EVİ TAZE KİTAP
Holdings
Düşüm durumu Kayıp durumu Hasar Durumu Ödünç verilmez Ana kütüphane Geçerli Kütüphane Edinilen tarih Toplam ödünç verme sayısı Barkod Son görüntüleme tarihi Fiyatın geçerli olmaya başladığı tarih Koha materyal türü
        BAŞARAKAVAK İLK VE ORTAOKULU BAŞARAKAVAK İLK VE ORTAOKULU 24.08.2025   10607688 26.08.2025 26.08.2025 Books